000 00506nam a2200181Ia 4500
999 _c3669
_d3669
003 OSt
005 20200818111231.0
008 190216s9999||||xx |||||||||||||| ||und||
020 _a9788126161638
040 _coclc
082 _a541.224
_bNAN/C
100 _aNandan, Sharda
_94175
245 0 _aChemical Bonding /
_cSharda Nandan
260 _bAnmol Publications,
_c2014.
_aNew Delhi:
300 _a296p
650 _aChemistry
942 _cBK
_2ddc
_h541.224
_iNAN/C
_k541.224
_mNAN/C